Discursos de recepción leídos en la Real Academia de Ciencias Morales y Políticas (Record no. 172612)
[ view plain ]
| 000 -LEADER | |
|---|---|
| campo de control de longitud fija | 02488nas a2200313 i 4500 |
| 001 - NÚMERO DE CONTROL | |
| campo de control | 172612 |
| 003 - IDENTIFICADOR DE NÚMERO DE CONTROL | |
| campo de control | ES-MaACL |
| 005 - FECHA Y HORA DE LA ÚLTIMA TRANSACCIÓN | |
| campo de control | 20251003181201.0 |
| 007 - CAMPO FIJO DE DESCRIPCIÓN FÍSICA--INFORMACIÓN GENERAL | |
| campo de control de longitud fija | t| |
| 008 - DATOS DE LONGITUD FIJA--INFORMACIÓN GENERAL | |
| campo de control de longitud fija | 090728c1884 sp a| | 1 ||pa d |
| 080 ## - NÚMERO DE LA CLASIFICACIÓN DECIMAL UNIVERSAL | |
| Número de la Clasificación Decimal Universal | 3 : 061.12(460) |
| 110 2# - ENTRADA PRINCIPAL--NOMBRE DE ENTIDAD CORPORATIVA | |
| Nombre de entidad corporativa o nombre de jurisdicción como elemento de entrada | Real Academia de Ciencias Morales y Políticas (España) |
| 9 (RLIN) | 222050 |
| 245 10 - MENCIÓN DEL TÍTULO | |
| Título | Discursos de recepción leídos en la Real Academia de Ciencias Morales y Políticas |
| Fechas predominantes | 1881-1883. |
| 260 ## - PUBLICACIÓN, DISTRIBUCIÓN, ETC. | |
| Lugar de publicación, distribución, etc. | Madrid : |
| Nombre del editor, distribuidor, etc. | [s. n.], |
| Fecha de publicación, distribución, etc. | 1884 ( |
| Fabricante | Imp. y Fund. de Manuel Tello) |
| 300 ## - DESCRIPCIÓN FÍSICA | |
| Extensión | 1 v. ; |
| Dimensiones | 26 cm. |
| 505 8# - NOTA DE CONTENIDO CON FORMATO | |
| Nota de contenido con formato | Contiene: T. III: La libertad de enseñanza / Conde de Toreno (61 p.). Contestación / José García Barzanallana (p. 63-90). La armonía en la civilización es el gran problema que este siglo crítico, gigante en lo material, pero incierto en lo filosófico y flaco en lo moral, lega al siglo siguiente / Carlos María Perier (p. 91-202). Contestación / José Moreno Nieto (p. 203-213). Las últimas hipótesis de las ciencias naturales, no dan más firmes fundamentos a la sociología... / Antonio Cánovas del Castillo (p. 215-282). Contestación / Fernando Cos-Gayón (p. 283-313). ¿Cuáles son la ley histórica y el principio filosófico a que pueden obedecer las revoluciones? / Fermín de Lasala y Collado (p. 315-381). Contestación / Fernando Cos-Gayón (p. 383-409). La mujer: su influencia en la moral y en la política de la sociedad / Vizconde de Campo-Grande (p. 411-447). Contestación / Fernando Cros-Gayón (p. 449-479). La causa principal del malestar que esteriliza y detiene la marcha de la sociedad por los caminos del bien, es la gran negación oculta y encarnada en el principio racionalista de la negación de Dios... / Zeferino González (p. 481-559). Contestación / Fernando Álvarez (p. 561-591). |
| 700 1# - ENTRADA AGREGADA--NOMBRE PERSONAL | |
| Nombre de persona | García Barzanallana, José, |
| Fechas asociadas al nombre | 1819-1903 |
| 9 (RLIN) | 54239 |
| 700 1# - ENTRADA AGREGADA--NOMBRE PERSONAL | |
| Nombre de persona | Cos-Gayón, Fernando, |
| Fechas asociadas al nombre | 1825-1898 |
| 9 (RLIN) | 40977 |
| 700 1# - ENTRADA AGREGADA--NOMBRE PERSONAL | |
| Nombre de persona | Queipo de Llano y Gayoso, Francisco de Borja, |
| Títulos y otros términos asociados al nombre | Conde de Toreno. |
| 9 (RLIN) | 158110 |
| 700 1# - ENTRADA AGREGADA--NOMBRE PERSONAL | |
| Nombre de persona | Perier, Carlos María. |
| 9 (RLIN) | 131024 |
| 700 1# - ENTRADA AGREGADA--NOMBRE PERSONAL | |
| Nombre de persona | Cánovas del Castillo, Antonio, |
| Fechas asociadas al nombre | 1828-1897 |
| 9 (RLIN) | 34600 |
| 700 1# - ENTRADA AGREGADA--NOMBRE PERSONAL | |
| Nombre de persona | Lasala y Collado, Fermín de, |
| Títulos y otros términos asociados al nombre | Duque de Mandas |
| 9 (RLIN) | 128714 |
| 700 1# - ENTRADA AGREGADA--NOMBRE PERSONAL | |
| Nombre de persona | Jove y Hevia, Plácido de, |
| Títulos y otros términos asociados al nombre | Vizconde de Campo Grande |
| 9 (RLIN) | 67050 |
| 700 1# - ENTRADA AGREGADA--NOMBRE PERSONAL | |
| Nombre de persona | González y Díaz Tuñón, Ceferino, |
| Fechas asociadas al nombre | 1831-1894 |
| 9 (RLIN) | 149958 |
| 700 1# - ENTRADA AGREGADA--NOMBRE PERSONAL | |
| Nombre de persona | Alvarez, Fernando. |
| 9 (RLIN) | 234201 |
| 700 1# - ENTRADA AGREGADA--NOMBRE PERSONAL | |
| Nombre de persona | Moreno Nieto, José, |
| Fechas asociadas al nombre | 1825-1882 |
| 9 (RLIN) | 83416 |
| 852 ## - LOCALIZACIÓN | |
| Ubicación | ES-MaACL |
| Número de control de estantería | K-185 |
| Estatus retirado | Estado de pérdida | Estado de daño | No para préstamo | Colección | Biblioteca de origen | Biblioteca actual | Ubicación en estantería | Fecha de adquisición | Total de préstamos | Signatura topográfica completa | Código de barras | Visto por última vez | Precio de reemplazo | Tipo de ítem Koha |
|---|---|---|---|---|---|---|---|---|---|---|---|---|---|---|
| Periódicos y Revistas | Biblioteca del Ateneo de Madrid | Biblioteca del Ateneo de Madrid | Administración | 28/07/2009 | K-185 | 1181141 | 23/02/2023 | 23/02/2023 | Revista |
